Estructura productiva, superpoblación y migración: bases para una discusión /

保存先:
書誌詳細
第一著者: Alemán de Vides, Carmen
その他の著者: Dierckxsens, Wim, Fernández Arias, Mario E., Porras Thames, Ana I., Quevedo, Santiago, Vásquez Berrios, Rodolfo
フォーマット: テキスト
言語:Spanish
出版事項: San José: ACAS-CEDAL 1975
タグ: タグ追加
タグなし, このレコードへの初めてのタグを付けませんか!

MARC

LEADER 00000 a a2200000 04500
001 17602
003 cru CIDCACS/IIS
005 20231128111233.0
008 231128b |||||||| |||| 00| 0 spa d
040 |c cru CIDCACS/IIS 
090 |a 002900  
100 |a Alemán de Vides, Carmen  
245 |a Estructura productiva, superpoblación y migración: bases para una discusión /  |c Carmen Alemán de Vides 
260 |a San José:   |b ACAS-CEDAL   |c 1975 
300 |a 19 p  
700 |a Dierckxsens, Wim  
700 |a Fernández Arias, Mario E.  
700 |a Porras Thames, Ana I.  
700 |a Quevedo, Santiago  
700 |a Vásquez Berrios, Rodolfo  
942 |2 z  |c LI 
999 |c 2262  |d 2262